Professional Indemnity Insurance (PII) and risk management for surveyors and valuers (Record no. 84837)

MARC details
000 -LEADER
fixed length control field 00841cab a22002175a 4500
001 - CONTROL NUMBER
control field L159221
008 - FIXED-LENGTH DATA ELEMENTS--GENERAL INFORMATION
fixed length control field 160038e2016 xxk 000 0 eng d
035 ## - SYSTEM CONTROL NUMBER
System control number (Sirsi) u159221
041 0# - LANGUAGE CODE
Language code of text/sound track or separate title eng
100 1# - MAIN ENTRY--PERSONAL NAME
Personal name Vigus, Emma
245 00 - TITLE STATEMENT
Title Professional Indemnity Insurance (PII) and risk management for surveyors and valuers
260 ## - PUBLICATION, DISTRIBUTION, ETC.
Date of publication, distribution, etc. 2016
490 ## - SERIES STATEMENT
Series statement Journal of Building Survey, Appraisal & Valuation
Volume/sequential designation 4(4) Spring 2016, 255-263(9)
520 ## - SUMMARY, ETC.
Summary, etc. Provides some useful tips on Professional Indemnity Insurance including having a good professional relationship with your insurance broker and taking steps to manage risk particularly when involved in valuation work.
590 ## - LOCAL NOTE (RLIN)
Local note KA
650 24 - SUBJECT ADDED ENTRY--TOPICAL TERM
Topical term or geographic name entry element Dilapidations
9 (RLIN) 6235
651 #4 - SUBJECT ADDED ENTRY--GEOGRAPHIC NAME
Geographic name United Kingdom
Chronological subdivision
690 ## - LOCAL SUBJECT ADDED ENTRY--TOPICAL TERM (OCLC, RLIN)
Topical term or geographic name as entry element Business and management
700 ## - ADDED ENTRY--PERSONAL NAME
Personal name Crossingham, Robert
942 ## - ADDED ENTRY ELEMENTS (KOHA)
Suppress in OPAC 0
Holdings
Withdrawn status Lost status Source of classification or shelving scheme Damaged status Not for loan Home library Current library Shelving location Date acquired Total Checkouts Full call number Barcode Date last seen Copy number Price effective from Koha item type
    Dewey Decimal Classification     London London Journals 18/03/2016   L159221 159221-1001 06/08/2019 1 06/08/2019 Journal article